Water deficits and plant growth /
Guardado en:
| Otros Autores: | |
|---|---|
| Formato: | Libro |
| Idioma: | English |
| Publicado: |
New York :
Academic Press,
1968-1983.
|
| Etiquetas: |
Agregar Etiqueta
Sin Etiquetas, Sea el primero en etiquetar este registro!
|
| LEADER | 01038cam a22001811a 4500 | ||
|---|---|---|---|
| 001 | EEA.libagro009539 | ||
| 005 | 20150907103804.0 | ||
| 008 | 700901m19681983nyua#####b####001#0#eng## | ||
| 020 | |a 0124241549 (v. 4) | ||
| 082 | 0 | 0 | |a 582.01335 |
| 245 | 0 | 0 | |a Water deficits and plant growth / |c edited by T.T. Kozlowski. |
| 260 | |a New York : |b Academic Press, |c 1968-1983. | ||
| 300 | |a v. <1-7> : |b il. ; |c 24 cm. | ||
| 500 | |a La biblioteca posee: v. 4. Soil water measurement, plant responses, and breeding for drought resistance. | ||
| 504 | |a Incluye referencias bibliográficas e índices. | ||
| 505 | 1 | |a v. 1. Development, control, and measurement -- v. 2. Plant water consumption and response -- v. 3. Plant responses and control of water balance -- v. 4. Soil water measurement, plant responses, and breeding for drought resistance -- v. 5. Water and plant disease -- v. 6. Woody plant communities -- v. 7. Additional woody crop plants. | |
| 700 | 1 | |a Kozlowski, T. T. |q (Theodore Thomas), |d 1917- | |
| 859 | |a AR-BbBCA |b BIB. AGRONOMIA |h 582.01335 |i K88 |p C1983/0121 | ||
